| 000 | 00459nam a22001697a 4500 | ||
|---|---|---|---|
| 003 | BD-DhUL | ||
| 005 | 20180808101019.0 | ||
| 008 | 180808snd. ii ||||| |||| 00| 0 urd d | ||
| 040 |
_aBD-DhUL _cBD-DhUL |
||
| 082 |
_a891.433 _bASP |
||
| 100 | 0 | _aاسلم | |
| 245 | 1 |
_aپریت کی ریت / _cاسلم |
|
| 260 |
_aدہلی : _bکمال پرنٹنگ پریس، _c۔ |
||
| 300 |
_aص۔ ۱۶۰ ؛ _c۱۹ سم۔ |
||
| 650 | 0 | _aUrdu fiction | |
| 942 |
_2ddc _cBK |
||
| 999 |
_c243033 _d243033 |
||